000 00685cam a2200229 a 4500
001 2561966
005 20180214073304.0
008 950822s1996 maua b 001 0 eng
010 _a 95040371
020 _a0205193919 (hardcover)
040 _aDLC
_cDLC
_dDLC
041 _aeng
080 _a371.3 JOY
082 0 0 _a371.3 JOY
_220
100 1 _a47
101 _aEDU
245 1 0 _aModels of teaching /
_cBruce Joyce, Marsha Weil.
504 _aIncludes bibliographical references and index.
906 _a7
_bcbc
_corignew
_d1
_eocip
_f19
_gy-gencatlg
942 _2ddc
_cBK
999 _c42505
_d42505